Eingeben B - Statistiken

Allgemein
  • Dieses Quiz wurde 590 mal gespielt
  • Das Durchschnittsergebnis liegt bei 92 aus 96
Antwortstatistiken
B % Korrekt
B
100%
B
100%
B
100%
B
100%
B
100%
B
100%
B
100%
B
100%
B
100%
B
100%
B
100%
B
100%
B
100%
B
100%
B
100%
B
100%
B
100%
B
100%
B
100%
B
100%
B
100%
B
100%
B
100%
B
100%
B
100%
B
100%
B
100%
B
100%
B
100%
B
100%
B
100%
B
100%
B
100%
B
100%
B
100%
B
100%
B
100%
B
100%
B
100%
B
100%
B
100%
B
100%
B
100%
B
100%
B
100%
B
100%
B
100%
B
100%
B
100%
B
100%
B
100%
B
100%
B
100%
B
100%
B
100%
B
100%
B
100%
B
100%
B
100%
B
100%
B
100%
B
100%
B
100%
B
100%
B
100%
B
100%
B
100%
B
100%
B
100%
B
100%
BB
85%
BB
85%
BB
85%
BB
85%
BB
85%
BB
85%
BB
85%
BB
85%
BB
85%
BB
85%
BB
85%
BB
85%
BB
85%
BB
85%
BB
85%
BB
85%
BB
85%
BB
85%
BB
85%
BBB
85%
BBB
85%
BBBB
85%
BBBB
85%
BBBB
85%
BBBB
85%
BBBBBBBB
83%
Keine übereinstimmenden Quizze gefunden
Verteilung der Resultate
Anzahl Personen mit jedem Resultat
Perzentil nach korrekt beantworteten Fragen
Ihre Resultats-Entwicklung
Sie haben dieses Quiz noch nicht gespielt